Statystyki dla Najbardziej Zanieczyszczone Kraje na Świecie

Kliknij tutaj aby rozwiązać quiz!

Ogólne statystyki

  • Ten quiz został rozwiązany 21 razy
  • Średni wynik to 4 z 10

Statystyki odpowiedzi

#201820192020202120222023Odpoiedż% Poprawnych
372.551.851.958.153.354.4Indie
100%
197.183.377.176.965.879.9Bangladesz
70%
274.365.85966.870.973.7Pakistan
60%
6----39.6----49.780.143.8Irak
45%
854.144.539.24640.142.4Nepal
30%
10----32.1--------15.540.8Demokratyczna
Republika Konga
25%
9----18----29.146.542.4Egipt
25%
749.938.929.23645.943Zjednoczone
Emiraty Arabskie
20%
4----------30.959.44649Tadżykistan
15%
5--------------------6346.6Burkina Faso
0%

Rozkład punktacji

Percentyl według liczby udzielonych odpowiedzi

Procent ludzi z każdym wynikiem

Twoja historia wyników

Nie rozwiązałeś tego quizu